00732nam a2200229 a 4500001001000000003000500010005001700015008004100032010001100073011001100084020001500095040000900110082001300119100002200132245015800154260003600312300001100348534005700359650004000416700002100456700002500477000107682CHAP20220329143939.0131011s1984 mx |r| ||||||spa d a104144 a105116 a9682604303 cCHAP04a545bS321 aSchenk, George H.10aQuímica analítica cuantitativa :bprincipios y aplicaciones a las ciencias de la vida /cpor Geroge H. Schenk, Richard B. Hahn y Arleigh V. Hartkopf. aMéxico, D.F. :bCECSA,c1984. a602 p. pTít. original :tQuantitative analytical chemistry14aQuímica analítica cuantitativa.1 aHahn, Richard B.1 aHartkopf, Arleigh V.